000 00299nam a22001337a 4500
008 170928b xxu||||| |||| 00| 0 eng d
020 _a9780133637229
041 _aeng
080 _a37
100 _a47
101 _aEDU
245 _aTHE COLLEGE WRITER'S REFERENCE
_cFULWILER,T
942 _2udc
_cBK
999 _c30344
_d30344